000
00322nam a22001337a 4500
008
170607b xxu||||| |||| 00| 0 eng d
020
_a
9780205550579
041
_a
eng
080
_2
3 ED
_a
32
100
_a
18
101
_a
SHP
245
_a
POLITICS CULTURE IN THE DEVELOPMENT WORLD
_c
PAYNE.R.J
942
_2
udc
_c
BK
999
_c
16295
_d
16295